000 00373nam a2200121 a 4500
001 000044556
005 20201002045447.0
008 140716s19422168 000 spa d
040 _aDO-SdBNP
_bspa
_cBNPHU
245 0 _aObras completas de Don Benito Pérez Galdós :
_bepisodios nacionales.
260 _aMadrid -- :
_bM. Aguilar Editores,
_c1942.
300 _a1603 p. ;
_c19 cm.
999 _c44045
_d44045